| 000 | 00680cac a22002051u 4500 | ||
|---|---|---|---|
| 008 | 081108t2001 m |||||ri 001 0 eng d | ||
| 010 | _a00055836 | ||
| 020 | _a0201612534 | ||
| 020 | _a9780201612530 | ||
| 082 | 0 | 0 |
_a004.22 _bCAR _222 |
| 100 |
_aCarpinelli, John D. _918020 |
||
| 245 | 1 | 0 |
_aComputer systems organization & architecture / _cJohn D. Carpinelli. |
| 246 | 3 | _aComputer systems organization and architecture | |
| 260 |
_aBoston, MA : _bAddison-Wesley, _cc2001. |
||
| 300 |
_axxiii, 584 p. : _bill. ; _c24 cm. |
||
| 500 | _aIncludes index. | ||
| 650 | 0 |
_aComputer organization. _918021 |
|
| 650 | 0 |
_aComputer architecture. _918022 |
|
| 942 |
_cBB _k004.22 CAR _2ddc |
||
| 999 |
_c721 _d721 |
||